PHARMACEUTICAL STATISTICS -PRACTICAL AND CLINICAL APPLICATIONS (Record no. 8235)

MARC details
000 -LEADER
fixed length control field 00499nam a22001697a 4500
005 - DATE AND TIME OF LATEST TRANSACTION
control field 20230403130653.0
008 - FIXED-LENGTH DATA ELEMENTS--GENERAL INFORMATION
fixed length control field 230328b |||||||| |||| 00| 0 eng d
020 ## - INTERNATIONAL STANDARD BOOK NUMBER
ISBN 978-1-13-8-044890
041 ## - LANGUAGE CODE
Language code of text/sound track or separate title eng
082 ## - DEWEY DECIMAL CLASSIFICATION NUMBER
Classification number 615.1 BOL-P
100 ## - MAIN ENTRY--AUTHOR NAME
Personal name BOLTON ,SANFORDS AND BON, CHARLES
245 ## - TITLE STATEMENT
Title PHARMACEUTICAL STATISTICS -PRACTICAL AND CLINICAL APPLICATIONS
260 ## - PUBLICATION, DISTRIBUTION, ETC. (IMPRINT)
Place of publication NEW DELHI
Name of publisher CBS PUBLICATION & DISTRIBUTIONS
300 ## - PHYSICAL DESCRIPTION
Number of Pages 656;P.
650 ## - SUBJECT ADDED ENTRY--TOPICAL TERM
Topical Term PHARMACY
General subdivision B.PHARMA
942 ## - ADDED ENTRY ELEMENTS (KOHA)
Koha item type Books
Holdings
Lost status Damaged status Collection code Home library Current library Shelving location Date acquired Source of acquisition Full call number Accession Number Koha item type
    Reference JRU Library JRU Library SHELF-19-F 23/03/2023 LOHIA BOOK INTERNATIONAL 615.1 BOL-P 27548 Books